000 01034nam a22002537a 4500
999 _c15557
_d15557
003 AR-CdUCM
008 190429b ||||| |||| 00| 0 spa d
040 _aMUNICIPALIDAD PROVINCIAL DEL CUSCO
_cBIBLIOTECA MUNICIPAL DEL CUSCO
082 _a301.362 /
_bU3 / 1972
110 _aInstituto de Estudios Peruanos
_936
245 _aUrbanización y proceso social en América /
260 _aLima :
_bInstituto de Estudios Peruanos,
_c1972.
300 _a404 páginas ;
_bIlustraciones,
_c24 cm.
440 _aUrbanización, migraciones y cambios en la sociedad peruana ;
_n3
_934663
505 _aContenido: El proceso de urbanización en América desde sus orígenes hasta nuestros días (XXXIX Congreso Internacional de Americanistas. Lima, 1970)
650 _aUrbanización
_95054
650 _aDesarrollo social
_91131
650 _aAmérica Latina
_91130
700 _aSchaedel, Richard
_97987
700 _aBorah, Woodrow Wilson
_934664
700 _aBrowning, Harley
_934665
942 _2ddc
_cLIBROS
945 _aacv
_d2019-04-29